Elementary mechanics of solids (Record no. 4447)

000 -LEADER
fixed length control field 00558nam a2200217 a 4500
001 - CONTROL NUMBER
control field 4447
003 - CONTROL NUMBER IDENTIFIER
control field BD-DhUET
008 - FIXED-LENGTH DATA ELEMENTS--GENERAL INFORMATION
fixed length control field 810420t19811980nyua b 001 0 eng
020 ## - INTERNATIONAL STANDARD BOOK NUMBER
International Standard Book Number 085226819X
040 ## - CATALOGING SOURCE
Original cataloging agency DLC
Transcribing agency DLC
Modifying agency BD-DhUET
082 ## - DEWEY DECIMAL CLASSIFICATION NUMBER
Classification number 531
Item number SIN/1980
100 ## - MAIN ENTRY--PERSONAL NAME
Personal name Singh, Pashupati Nath
245 10 - TITLE STATEMENT
Title Elementary mechanics of solids
250 ## - EDITION STATEMENT
Edition statement 1st ed.
260 ## - PUBLICATION, DISTRIBUTION, ETC. (IMPRINT)
Place of publication, distribution, etc. New Delhi
Name of publisher, distributor, etc. Wiley Eastern
Date of publication, distribution, etc. 1980
300 ## - PHYSICAL DESCRIPTION
Extent xvi, 616p.
Other physical details ill.
504 ## - BIBLIOGRAPHY, ETC. NOTE
Bibliography, etc Includes bibliographies
650 #0 - SUBJECT ADDED ENTRY--TOPICAL TERM
Topical term or geographic name as entry element Mechanics of solids
700 ## - ADDED ENTRY--PERSONAL NAME
Personal name Jha, Prem Kumar
942 ## - ADDED ENTRY ELEMENTS (KOHA)
Koha item type General Book
Holdings
Location (home branch) Not for loan Shelving location Price effective from Copy number Piece designation (barcode) Koha item type Date acquired Koha full call number Sublocation or collection (holding branch) Withdrawn status Koha normalized classification for sorting Damaged status Koha date last seen Lost status Source of classification or shelving scheme
Central Library, BUET Circulation section2014-11-16159249General Book2014-11-16531/SIN/1980Central Library, BUET 531_000000000000000_SIN_1980 2014-11-16  
Central Library, BUET Circulation section2015-03-10259250General Book2015-03-10531/SIN/1980Central Library, BUET 531_000000000000000_SIN_1980 2015-03-10  
Central Library, BUET Circulation section2015-03-10359252General Book2015-03-10531/SIN/1980Central Library, BUET 531_000000000000000_SIN_1980 2015-03-10  
Central Library, BUET Circulation section2015-03-10459245General Book2015-03-10531/SIN/1980Central Library, BUET 531_000000000000000_SIN_1980 2015-03-10  
Central Library, BUET Circulation section2015-03-10559246General Book2015-03-10531/SIN/1980Central Library, BUET 531_000000000000000_SIN_1980 2015-03-10  
Central Library, BUET  2015-03-116 General Book2015-03-11531/SIN/1980Central Library, BUET 531_000000000000000_SIN_1980 2015-03-11  
Central Library, BUET Circulation section2015-03-11759248General Book2015-03-11531/SIN/1980Central Library, BUET 531_000000000000000_SIN_1980 2015-03-11  
Central Library, BUET Circulation section2015-03-11857348General Book2015-03-11531/SIN/1980Central Library, BUET 531_000000000000000_SIN_1980 2015-03-11  
Central Library, BUET Circulation section2015-03-22955367General Book2015-03-22531/SIN/1980Central Library, BUET 531_000000000000000_SIN_1980 2016-03-27  
Central Library, BUET Reading section2015-06-081059244Reading Item2015-06-08531/SIN/1980Central Library, BUET 531_000000000000000_SIN_1980 2015-06-08  
Central Library, BUET Reading section2015-06-081159243Reading Item2015-06-08531/SIN/1980Central Library, BUET 531_000000000000000_SIN_1980 2015-06-08